| 000 | 01147nam a22002417a 4500 | ||
|---|---|---|---|
| 003 | OSt | ||
| 005 | 20160913100331.0 | ||
| 008 | 140214b slv spa | ||
| 040 | _cBMC | ||
| 082 | _a152.4 | ||
| 100 | 1 |
_934071 _aDíaz Mazariego, Leticia Beatriz |
|
| 245 | 1 | 0 |
_aInteligencia emocional en el ambiente escolar _b: Proyecto _cLeticia Beatriz Díaz Mazariego, Ana Catalina Mártir García, Karla Yaneth, Santos Durán |
| 260 |
_aSanta Ana (El Salvador) _bUniversidad Católica de El Salvador _c2016 |
||
| 300 |
_a99 h. _bil. col _c28 cm _e+ 1 disco compacto |
||
| 500 | _aPrecede al tít.: Universidad Católica de El Salvador, Escuela de Postgrado, Maestría en Asesoría Educativa | ||
| 502 | _aTrabajo de graduación para optar al grado académico de Máster en Asesoría Educativa | ||
| 505 | _aContiene: Sintomas del niño celoso.- El enojo.- La ansiedad.- Reacciones faciales.- | ||
| 650 | 2 | 4 |
_99926 _aInteligencia emocional |
| 700 | 1 |
_939567 _aMártir García, Ana Catalina |
|
| 700 | 1 |
_939568 _aSantos Durán, Karla Yaneth |
|
| 710 | 2 |
_919868 _aUniversidad Católica de El Salvador _bEscuela de Postgrado |
|
| 942 |
_2ddc _cTG |
||
| 999 |
_c25780 _d25780 |
||